|
|
|
|
| LEADER |
01000cam a2200265 c 4500 |
| 001 |
367729113 |
| 003 |
DE-627 |
| 005 |
20260324073102.0 |
| 007 |
tu |
| 008 |
030813s2003 gw ||||| m 00| ||ger c |
| 015 |
|
|
|a 03,N35,1082
|2 dnb
|
| 015 |
|
|
|a 03,A39,0781
|2 dnb
|
| 016 |
7 |
|
|a 968477968
|2 DE-101
|
| 020 |
|
|
|a 351508360X
|q Kt. : EUR 48.00, CHF 76.80
|9 3-515-08360-X
|
| 028 |
5 |
2 |
|a 8360
|
| 035 |
|
|
|a (DE-627)367729113
|
| 035 |
|
|
|a (DE-603)113452950
|
| 035 |
|
|
|a (DE-576)106435019
|
| 035 |
|
|
|a (DE-599)DNB968477968
|
| 035 |
|
|
|a (OCoLC)248924638
|
| 035 |
|
|
|a (OCoLC)52869564
|
| 035 |
|
|
|a (DE-604)BV017413809
|
| 040 |
|
|
|a DE-627
|b ger
|c DE-627
|e rakwb
|
| 041 |
|
|
|a ger
|
| 044 |
|
|
|c XA-DE
|
| 050 |
|
0 |
|a VA513
|
| 082 |
0 |
|
|a 355.009
|q BSZ
|
| 084 |
|
|
|a 21
|2 sdnb
|
| 084 |
|
|
|a 8,1
|2 ssgn
|
| 084 |
|
|
|a NP 3995
|2 rvk
|0 (DE-625)rvk/127795:
|
| 084 |
|
|
|a 15.43
|2 bkl
|
| 084 |
|
|
|a 89.80
|2 bkl
|
| 084 |
|
|
|a 15.36
|2 bkl
|
| 090 |
|
|
|a a
|
| 100 |
1 |
|
|a Rödel, Christian
|e verfasserin
|4 aut
|
| 245 |
1 |
0 |
|a Krieger, Denker, Amateure
|b Alfred von Tirpitz und das Seekriegsbild vor dem Ersten Weltkrieg
|c Christian Rödel
|
| 264 |
|
1 |
|a Stuttgart
|b Steiner
|c 2003
|
| 300 |
|
|
|a X, 234 S
|
| 336 |
|
|
|a Text
|b txt
|2 rdacontent
|
| 337 |
|
|
|a ohne Hilfsmittel zu benutzen
|b n
|2 rdamedia
|
| 338 |
|
|
|a Band
|b nc
|2 rdacarrier
|
| 490 |
1 |
|
|a Beiträge zur Kolonial- und Überseegeschichte
|v 88
|
| 500 |
|
|
|a Literaturverz. S. 217-229
|
| 502 |
|
|
|a Zugl.: Bamberg, Univ., Magisterarb., 2002
|
| 583 |
1 |
|
|a Archivierung/Langzeitarchivierung gewährleistet
|f PEBW
|x XA-DE-BW
|2 pdager
|5 DE-24
|
| 583 |
1 |
|
|a Archivierung/Langzeitarchivierung gewährleistet
|f SLG
|x XA-DE-BW
|z BfZ
|2 pdager
|5 DE-24
|
| 600 |
1 |
0 |
|a Tirpitz, Alfred von
|
| 650 |
|
0 |
|a Sea-power
|x History
|x 19th century
|x Germany
|
| 650 |
|
0 |
|a Sea-power
|x History
|x 20th century
|x Germany
|
| 651 |
|
0 |
|a Germany
|x Military policy
|
| 655 |
|
7 |
|a Hochschulschrift
|0 (DE-588)4113937-9
|0 (DE-627)105825778
|0 (DE-576)209480580
|2 gnd-content
|
| 689 |
0 |
0 |
|D p
|0 (DE-588)118622870
|0 (DE-627)139190937
|0 (DE-576)209134194
|a Tirpitz, Alfred von
|d 1849-1930
|2 gnd
|
| 689 |
0 |
1 |
|D g
|0 (DE-588)4011882-4
|0 (DE-627)104704861
|0 (DE-576)208896155
|a Deutschland
|2 gnd
|
| 689 |
0 |
2 |
|D s
|0 (DE-588)4074570-3
|0 (DE-627)104757140
|0 (DE-576)209194464
|a Marine
|2 gnd
|
| 689 |
0 |
3 |
|D s
|0 (DE-588)4073817-6
|0 (DE-627)10609145X
|0 (DE-576)209191597
|a Kriegführung
|2 gnd
|
| 689 |
0 |
|
|5 DE-101
|
| 689 |
1 |
0 |
|D p
|0 (DE-588)118622870
|0 (DE-627)139190937
|0 (DE-576)209134194
|a Tirpitz, Alfred von
|d 1849-1930
|2 gnd
|
| 689 |
1 |
1 |
|D g
|0 (DE-588)4011882-4
|0 (DE-627)104704861
|0 (DE-576)208896155
|a Deutschland
|2 gnd
|
| 689 |
1 |
2 |
|D s
|0 (DE-588)4074570-3
|0 (DE-627)104757140
|0 (DE-576)209194464
|a Marine
|2 gnd
|
| 689 |
1 |
3 |
|D s
|0 (DE-588)4073817-6
|0 (DE-627)10609145X
|0 (DE-576)209191597
|a Kriegführung
|2 gnd
|
| 689 |
1 |
|
|5 (DE-627)
|
| 751 |
|
|
|a Bamberg
|0 (DE-588)4004391-5
|0 (DE-627)106386069
|0 (DE-576)208855688
|4 uvp
|
| 830 |
|
0 |
|a Beiträge zur Kolonial- und Überseegeschichte
|v 88
|9 88
|w (DE-627)130181560
|w (DE-576)002678470
|w (DE-600)526666-X
|x 0522-6848
|7 am
|
| 856 |
4 |
2 |
|u https://www.hsozkult.de/publicationreview/id/rezbuecher-3604
|m V:DE-576;X:HSozKult
|q text/html
|v 20180417123442
|3 Rezension
|7 1
|
| 856 |
4 |
2 |
|u http://scans.hebis.de/HEBCGI/show.pl?11345295_toc.pdf
|m V:DE-603;B:DE-30
|q application/pdf
|3 Inhaltsverzeichnis
|7 1
|
| 856 |
4 |
2 |
|u http://www.sehepunkte.historicum.net/2004/07/5739.html
|x Verlag
|3 Rezension
|7 1
|
| 856 |
4 |
2 |
|u https://external.dandelon.com/download/attachments/dandelon/ids/CH001958BA9F856AA4969C1257A08004F271C.pdf
|m V:DE-601
|m X:AGI
|q pdf/application
|v 2014-12-27
|x Verlag
|3 Inhaltsverzeichnis
|
| 912 |
|
|
|a GBV_ILN_11
|
| 912 |
|
|
|a ISIL_DE-1a
|
| 912 |
|
|
|a SYSFLAG_1
|
| 912 |
|
|
|a GBV_KXP
|
| 912 |
|
|
|a GBV_ILN_21
|
| 912 |
|
|
|a ISIL_DE-46
|
| 912 |
|
|
|a GBV_ILN_22
|
| 912 |
|
|
|a ISIL_DE-18
|
| 912 |
|
|
|a GBV_ILN_22_i07603
|
| 912 |
|
|
|a GBV_ILN_22_i30908
|
| 912 |
|
|
|a GBV_ILN_24
|
| 912 |
|
|
|a ISIL_DE-8
|
| 912 |
|
|
|a GBV_ILN_31
|
| 912 |
|
|
|a ISIL_DE-27
|
| 912 |
|
|
|a GBV_ILN_39
|
| 912 |
|
|
|a ISIL_DE-547
|
| 912 |
|
|
|a GBV_ILN_70
|
| 912 |
|
|
|a ISIL_DE-89
|
| 912 |
|
|
|a GBV_ILN_72
|
| 912 |
|
|
|a ISIL_DE-35
|
| 912 |
|
|
|a GBV_ILN_104
|
| 912 |
|
|
|a ISIL_DE-68
|
| 912 |
|
|
|a GBV_ILN_121
|
| 912 |
|
|
|a ISIL_DE-45
|
| 912 |
|
|
|a GBV_ILN_162
|
| 912 |
|
|
|a ISIL_DE-Bv3
|
| 912 |
|
|
|a GBV_ILN_176
|
| 912 |
|
|
|a GBV_ILN_176_1
|
| 912 |
|
|
|a GBV_ILN_350
|
| 912 |
|
|
|a ISIL_DE-2795
|
| 912 |
|
|
|a GBV_ILN_350_
|
| 912 |
|
|
|a GBV_ILN_697
|
| 912 |
|
|
|a ISIL_DE-Y8
|
| 912 |
|
|
|a GBV_ILN_2001
|
| 912 |
|
|
|a ISIL_DE-21
|
| 912 |
|
|
|a GBV_ILN_2002
|
| 912 |
|
|
|a ISIL_DE-21-32c
|
| 912 |
|
|
|a GBV_ILN_2003
|
| 912 |
|
|
|a ISIL_DE-25
|
| 912 |
|
|
|a GBV_ILN_2006
|
| 912 |
|
|
|a ISIL_DE-14
|
| 912 |
|
|
|a GBV_ILN_2007
|
| 912 |
|
|
|a ISIL_DE-352
|
| 912 |
|
|
|a GBV_ILN_2008
|
| 912 |
|
|
|a ISIL_DE-24
|
| 912 |
|
|
|a GBV_ILN_2009
|
| 912 |
|
|
|a ISIL_DE-180
|
| 912 |
|
|
|a GBV_ILN_2011
|
| 912 |
|
|
|a ISIL_DE-16
|
| 912 |
|
|
|a GBV_ILN_2018
|
| 912 |
|
|
|a ISIL_DE-31
|
| 912 |
|
|
|a GBV_ILN_2020
|
| 912 |
|
|
|a ISIL_DE-Ch1
|
| 912 |
|
|
|a GBV_ILN_2030
|
| 912 |
|
|
|a ISIL_DE-77-004
|
| 935 |
|
|
|i sf
|
| 935 |
|
|
|i Blocktest
|
| 936 |
r |
v |
|a NP 3995
|b Tirpitz, Alfred von
|k Geschichte
|k Von der Restauration bis zum Ende des Ersten Weltkrieges (1815 - 1918)
|k Zeitalter des Imperialismus (1890 - 1914)
|k Deutsche Geschichte
|k Persönlichkeiten
|k Militärs
|k Tirpitz, Alfred von
|0 (DE-627)127151303X
|0 (DE-625)rvk/127795:
|0 (DE-576)20151303X
|
| 936 |
b |
k |
|a 15.43
|j Deutsche Geschichte des 19. Jahrhunderts bis zur Gegenwart
|0 (DE-627)181569701
|
| 936 |
b |
k |
|a 89.80
|j Militärwesen: Allgemeines
|0 (DE-627)106413740
|
| 936 |
b |
k |
|a 15.36
|j Europäische Geschichte 1815-1914
|q coli-conc RVK->BK
|q https://coli-conc.gbv.de/api/mappings/74a16610-395f-4b72-89bb-58d4870ebd54
|0 (DE-627)18157103X
|
| 936 |
s |
n |
|a n100
|2 mzub
|
| 936 |
s |
n |
|a m100
|2 mzub
|
| 951 |
|
|
|a BO
|
| 953 |
|
|
|2 045F
|a 355.009
|u https://www.gbv.de/dms/ddc/355.009.pdf
|
| 980 |
|
|
|2 11
|1 01
|x 0001
|b 613192303
|c 00
|f 2
|d 1 A 498937
|e u
|j --%%--
|y k
|z 26-08-03
|
| 980 |
|
|
|2 21
|1 01
|x 0046
|b 725259191
|c 00
|f E03
|d a his 103.9 6h/903
|e u
|j --%%--
|y zza
|z 05-07-05
|
| 980 |
|
|
|2 22
|1 01
|x 0018
|b 632015969
|c 00
|f 18/76-m
|d IV Eo 426
|e i
|j --%%--
|y zi07603
|z 27-01-04
|
| 980 |
|
|
|2 22
|1 02
|x 0018
|b 687290562
|c 00
|f 18/309-GE
|d his 102/22 FNZ
|e c
|j --%%--
|c 04
|f 18/309-h
|d his 102/22 FNZ
|e i
|j --%%--
|y zi30908
|z 03-12-04
|
| 980 |
|
|
|2 24
|1 01
|x 0008
|b 73205091X
|c 00
|f 16
|d Bd 6592
|e u
|j --%%--
|h cw
|y zz1
|z 10-08-05
|
| 980 |
|
|
|2 31
|1 01
|x 0027
|b 633983659
|c 00
|f J 23
|d HIS:QW:690:::2003
|e d
|j --%%--
|y z
|z 18-03-04
|
| 980 |
|
|
|2 39
|1 01
|x 0547
|b 611992639
|c 00
|f MAG
|d 644121
|e u
|j --%%--
|y zet3
|z 02-12-03
|
| 980 |
|
|
|2 70
|1 80
|x 89/19
|b 664978835
|c 00
|f FBSBB
|d Hist 5966/51
|e u
|j --%%--
|y ksg
|z 14-12-04
|
| 980 |
|
|
|2 72
|1 01
|x 0035
|b 635659794
|c 00
|f ZEN
|d 2004/3088
|e u
|j --%%--
|y kz
|z 14-06-04
|
| 980 |
|
|
|2 104
|1 01
|x 0068
|b 746259808
|c 00
|f MAG
|d 105 A 1272
|e u
|j --%%--
|y z
|z 01-12-05
|
| 980 |
|
|
|2 121
|1 01
|x 0045
|b 62141784X
|c 00
|f --%%--
|d 03-6290
|e u
|j --%%--
|h alma
|y z
|z 06-11-03
|
| 980 |
|
|
|2 162
|1 01
|x 3162
|b 622095846
|c 00
|f --%%--
|d 03-1352
|e d
|j --%%--
|y z
|z 27-11-03
|
| 980 |
|
|
|2 176
|1 01
|x 3703/1
|b 634523619
|c 00
|f Au
|d Gkm 2 03 : x 27538
|e u
|j --%%--
|y k1
|z 16-02-04
|
| 980 |
|
|
|2 350
|1 01
|x 8293
|b 098360132
|c 00
|f LESESAAL
|d Cfec 506
|e i
|j --%%--
|y n
|z 13-07-04
|
| 980 |
|
|
|2 697
|1 01
|x 4697
|b 1475780729
|c 00
|f MA
|d VA 513 .R64 2003
|e u
|j --%%--
|y z
|z 14-05-14
|
| 980 |
|
|
|2 2001
|1 01
|x DE-21
|b 3120712841
|c 00
|f --%%--
|d 46 A 9620
|e --%%--
|j --%%--
|y l01
|z 30-10-06
|
| 980 |
|
|
|2 2002
|1 01
|x DE-21-32c
|b 3120712930
|c 00
|f --%%--
|d Ha b 9-88
|e p
|j --%%--
|y l01
|z 24-08-05
|
| 980 |
|
|
|2 2003
|1 01
|x DE-25
|b 312071299X
|c 00
|f --%%--
|d GE 2003/10616
|e --%%--
|j --%%--
|y l01
|z 15-12-03
|
| 980 |
|
|
|2 2006
|1 01
|x DE-14
|b 312071304X
|c 00
|f --%%--
|d --%%--
|e --%%--
|j --%%--
|y l01
|z 07-07-04
|
| 980 |
|
|
|2 2007
|1 01
|x DE-352
|b 3120713082
|c 00
|f --%%--
|d --%%--
|e --%%--
|j --%%--
|y l01
|z 13-08-03
|
| 980 |
|
|
|2 2008
|1 01
|x DE-24
|b 3120713155
|c 00
|f --%%--
|d 53/12866
|e --%%--
|j --%%--
|k sa WP
|y l01
|z 20-10-03
|
| 980 |
|
|
|2 2009
|1 01
|x DE-180
|b 3120713228
|c 00
|f WEST_UG
|d 2003 B 1543
|e --%%--
|j l
|y l02
|z 28-03-16
|
| 980 |
|
|
|2 2011
|1 01
|x DE-16
|b 3120713309
|c 00
|f --%%--
|d 2003 A 10792
|e --%%--
|j --%%--
|y l01
|z 01-10-03
|
| 980 |
|
|
|2 2018
|1 01
|x DE-31
|b 3120713406
|c 00
|f --%%--
|d 103 A 7137
|e --%%--
|j --%%--
|y l01
|z 26-11-03
|
| 980 |
|
|
|2 2020
|1 01
|x DE-Ch1
|b 3120713503
|c 00
|f --%%--
|d --%%--
|e --%%--
|j --%%--
|y l01
|z 10-11-03
|
| 980 |
|
|
|2 2030
|1 01
|x DE-77-004
|b 4893403729
|c 00
|f Standort Mittlere und Neuere Geschichte
|d T 1323 f
|e --%%--
|j n
|y l01
|z 19-03-04
|
| 982 |
|
|
|2 350
|1 01
|x 8293
|8 00
|a Tirpitz (Alfred von)
|
| 982 |
|
|
|2 350
|1 01
|x 8293
|8 00
|a Biographie
|
| 982 |
|
|
|2 350
|1 01
|x 8293
|8 00
|a Marinepolitik
|
| 982 |
|
|
|2 350
|1 01
|x 8293
|8 00
|a Deutschland
|
| 982 |
|
|
|2 350
|1 01
|x 8293
|8 00
|a 1870-1914
|
| 983 |
|
|
|2 21
|1 00
|x DE-46
|8 30
|a his 103.9 6h
|
| 983 |
|
|
|2 21
|1 00
|x DE-46
|8 99
|a 24
|
| 983 |
|
|
|2 24
|1 01
|x 0008
|8 50
|0 (DE-627)05806835X
|a pol 998:tir 6
|b Tirpitz, Alfred von
|b Militaer
|
| 983 |
|
|
|2 31
|1 00
|x DE-27
|8 00
|a HIS:QW:690
|
| 983 |
|
|
|2 39
|1 00
|x DE-547
|8 00
|a NP 3995
|
| 983 |
|
|
|2 104
|1 01
|x 0068
|8 00
|a VIII 6d 3
|
| 983 |
|
|
|2 162
|1 00
|x DE-Bv3
|8 00
|a 15-2.5
|
| 983 |
|
|
|2 162
|1 00
|x DE-Bv3
|8 00
|a 63-6.2
|
| 984 |
|
|
|2 11
|1 01
|x 0001
|a 139823295010
|
| 984 |
|
|
|2 22
|1 01
|x 0018
|a 077100612
|
| 984 |
|
|
|2 22
|1 02
|x 0018
|a 071984324
|
| 984 |
|
|
|2 24
|1 01
|x 0008
|a 8$0009989439
|
| 984 |
|
|
|2 31
|1 01
|x 0027
|a 027$013160087
|
| 984 |
|
|
|2 39
|1 01
|x 0547
|a 547$010931589
|
| 984 |
|
|
|2 70
|1 80
|x 89/19
|a 89$125952473
|
| 984 |
|
|
|2 72
|1 01
|x 0035
|a 35$033858373
|
| 984 |
|
|
|2 104
|1 01
|x 0068
|a 68$000507571
|
| 984 |
|
|
|2 121
|1 01
|x 0045
|a 45$16021678
|
| 984 |
|
|
|2 176
|1 01
|x 3703/1
|a AU3$0040277X
|
| 984 |
|
|
|2 350
|1 01
|x 8293
|a 8293000276731
|
| 985 |
|
|
|2 21
|1 01
|x 0046
|a vx 8903
|
| 985 |
|
|
|2 22
|1 01
|x 0018
|a 126/2004
|
| 985 |
|
|
|2 22
|1 02
|x 0018
|a 07704/1239
|
| 985 |
|
|
|2 31
|1 01
|x 0027
|a C 43817
|
| 985 |
|
|
|2 39
|1 01
|x 0547
|a 2003027729
|
| 985 |
|
|
|2 70
|1 80
|x 89/19
|a BBG 2004-1919
|
| 985 |
|
|
|2 72
|1 01
|x 0035
|a 35$033858373
|
| 985 |
|
|
|2 162
|1 01
|x 3162
|a II B 03-1352
|
| 985 |
|
|
|2 350
|1 01
|x 8293
|a 2004/10395
|
| 985 |
|
|
|2 697
|1 01
|x 4697
|a 2004/421
|
| 985 |
|
|
|2 2002
|1 01
|x DE-21-32c
|a 03/925
|
| 995 |
|
|
|2 24
|1 01
|x 0008
|a cw
|
| 995 |
|
|
|2 121
|1 01
|x 0045
|a alma
|